000
00322nam a22001457a 4500
008
221124b ||||| |||| 00| 0 eng d
020
_a
2901584265251
041
_a
eng
080
_a
61
082
_a
61
100
_a
4
101
_a
MJK
245
_a
BASIC CURRENT PROCEDURAL TERMINOLOGY
_c
SMITH I.G
942
_2
udc
_c
BK
999
_c
59030
_d
59030